Qualitative inquiry and research design : (Record no. 32)

MARC details
000 -LEADER
fixed length control field 01131nam a22003017a 4500
001 - CONTROL NUMBER
control field 17075561
003 - CONTROL NUMBER IDENTIFIER
control field OSt
005 - DATE AND TIME OF LATEST TRANSACTION
control field 20221229113230.0
008 - FIXED-LENGTH DATA ELEMENTS--GENERAL INFORMATION
fixed length control field 221229b |||||||| |||| 00| 0 eng d
010 ## - LIBRARY OF CONGRESS CONTROL NUMBER
LC control number 2011050629
020 ## - INTERNATIONAL STANDARD BOOK NUMBER
International Standard Book Number 9781412995313 (cloth)
020 ## - INTERNATIONAL STANDARD BOOK NUMBER
International Standard Book Number 9781412995306 (pbk.)
040 ## - CATALOGING SOURCE
Original cataloging agency DLC
Transcribing agency KMU
Modifying agency DLC
042 ## - AUTHENTICATION CODE
Authentication code pcc
050 00 - LIBRARY OF CONGRESS CALL NUMBER
Classification number H61
Item number .C73 2013
100 1# - MAIN ENTRY--PERSONAL NAME
Personal name Creswell, John W.
245 10 - TITLE STATEMENT
Title Qualitative inquiry and research design :
Remainder of title choosing among five approaches /
Statement of responsibility, etc. John W. Creswell.
250 ## - EDITION STATEMENT
Edition statement 3rd ed.
260 ## - PUBLICATION, DISTRIBUTION, ETC.
Place of publication, distribution, etc. Los Angeles :
Name of publisher, distributor, etc. SAGE Publications,
Date of publication, distribution, etc. c2013.
300 ## - PHYSICAL DESCRIPTION
Extent xxi, 448 p. :
Other physical details ill. (some dol.) ;
Dimensions 23 cm.
500 ## - GENERAL NOTE
General note Previous ed. cataloged as: Qualitative inquiry & research design. c2007.
504 ## - BIBLIOGRAPHY, ETC. NOTE
Bibliography, etc. note Includes bibliographical references (p. 417-434) and indexes.
650 #0 - SUBJECT ADDED ENTRY--TOPICAL TERM
Topical term or geographic name entry element Social sciences
General subdivision Methodology.
700 1# - ADDED ENTRY--PERSONAL NAME
Personal name Creswell, John W.
Title of a work Qualitative inquiry & research design.
906 ## - LOCAL DATA ELEMENT F, LDF (RLIN)
a 7
b cbc
c orignew
d 1
e ecip
f 20
g y-gencatlg
942 ## - ADDED ENTRY ELEMENTS (KOHA)
Source of classification or shelving scheme Library of Congress Classification
Koha item type Non-Fiction
Edition 3rd ed.
Suppress in OPAC No
Holdings
Withdrawn status Lost status Source of classification or shelving scheme Damaged status Not for loan Collection Home library Current library Shelving location Date acquired Source of acquisition Total Checkouts Full call number Barcode Date last seen Date last checked out Price effective from Koha item type
    Library of Congress Classification     Non-fiction Kapasa Makasa University Kapasa Makasa University Open Access 28.12.2022 Book Aid 1 H 61 Cre 2013 748896 09.04.2024 19.02.2024 29.12.2022 Non-Fiction
    Library of Congress Classification     Non-fiction Kapasa Makasa University Kapasa Makasa University Open Access 28.12.2022 Book Aid   H 61 Cre 2013 748897 27.10.2025   29.12.2022 Non-Fiction